| 000 | 00624nam a2200253Ia 4500 | ||
|---|---|---|---|
| 003 | OSt | ||
| 005 | 20221005132237.0 | ||
| 006 | a|||||r|||| 00| 0 | ||
| 007 | ta | ||
| 008 | 221004b |||||||| |||| 00| 0 tam d | ||
| 024 | _a47808 | ||
| 037 | _cTextual | ||
| 040 |
_aCRL _cCRL _btam |
||
| 041 |
_2tam _atam |
||
| 082 | _aO31,1xN3, J8 | ||
| 100 |
_aKannadasan Co. _9640794 |
||
| 245 | 0 | _aThenral venba 1000 | |
| 260 | _c1958 | ||
| 300 |
_a188p. _ccm. |
||
| 650 | _a TAMIL POETRY | ||
| 650 | _aTAMIL LITERATURE | ||
| 942 |
_hO31,1xN3, J8 _cTEXL _2cc |
||
| 999 |
_c1063008 _d1063008 |
||